Score 0/18 Timer 01:30
2 Plays Today
% Correct
Hug
90.1%
Bug
89.2%
Drug
89%
Shrug
88.8%
Rug
88.8%
Pug
88.7%
Thug
88.5%
Smug
88%
Plug
87.6%
% Correct
Slug
87.5%
Snug
87.2%
Dug
87%
Jug
86.5%
Mug
85.9%
Tug
82.9%
Trug
59%
Fug
58.1%
Lug
52.9%

Today's Daily Dose

Remove Ads.
Support Sporcle.
Get the best of Sporcle when you Go Orange. This ad-free experience offers more features, more stats, and more fun while also helping to support Sporcle. Thank you for becoming a member.

You're not logged in!

Compare scores with friends on all Sporcle quizzes.
OR
Log In

Show Comments

Extras

Top Quizzes Today


Score Distribution

Your Account Isn't Verified!

In order to create a playlist on Sporcle, you need to verify the email address you used during registration. Go to your Sporcle Settings to finish the process.

Report this User

Report this user for behavior that violates our Community Guidelines.

Details: